Female skiers than won more than 30 world cup races - Statistics

General Stats
  • This quiz has been taken 16 times
  • The average score is 4 of 13
Answers on the Grid
Answers color-coded by a green-red scale on the quiz's grid according to % correct below.
Petra Kronberger (AUT)
Anja Pärson (SWE)
Federica Brignone (ITA)
Maria Riesch (GER)
Hanni Wenzel (LIE)
Anita Wachter (AUT)
Marlies Schield (AUT)
Michela Figini (SUI)
Katja Seizinger (GER)
Anna Fenninger Veith (AUT)
Janica Kostelić (CRO)
Mikaela Shiffrin (USA)
Lindsey Vonn (USA)
Viktoria Rebensburg (GER)
Renate Götschl (AUT)
Lara Gut-Behrami (SUI)
Michaela Dorfmeister (AUT)
Deborah Compagnoni (ITA)
Erika Hess (SUI)
Marie-Theres Nadig (SUI)
Tessa Worley (FRA)
Vreni Schneider (SUI)
Tina Maze (SLO)
Annemarie Moser-Pröll (AUT)
Sofia Goggia (ITA)
Petra Vlhová (SVK)
 
Answer Stats
Answer % Correct
Mikaela Shiffrin (USA)
71%
Lindsey Vonn (USA)
57%
Lara Gut-Behrami (SUI)
43%
Annemarie Moser-Pröll (AUT)
29%
Katja Seizinger (GER)
29%
Petra Vlhová (SVK)
29%
Vreni Schneider (SUI)
29%
Anja Pärson (SWE)
14%
Erika Hess (SUI)
14%
Federica Brignone (ITA)
14%
Hanni Wenzel (LIE)
14%
Renate Götschl (AUT)
14%
Marlies Schield (AUT)
0%
No matching quizzes found
Score Distribution
Percent of People with Each Score
Percentile by Number Answered
Your Score History
You have not taken this quiz